000 00303nam a22001337a 4500
008 181011b xxu||||| |||| 00| 0 eng d
020 _a9780781763349
041 _aeng
080 _a610
100 _a4
101 _aSHM
245 _aThe 5-Minute Clinical Consult 2007
_cDomino,F.J
942 _2udc
_cBK
999 _c49371
_d49371